000 01290nam a2200361 a 4500
005 20240806093514.0
008 100811e2011||||sp g 001 0 spa d
020 _a9788449433115
041 _aspa
092 _c616
_l29
_sGIS
100 1 _aGispert, Carlos
_eDir.
_94111
245 _aNuevo Manual Merck de información médica general.
_bT.1 /
_cCarlos Gispert
250 _a1a ed.
260 _aBarcelona:
_bOcéano;
_c2011.
300 _a1-1119 p.
500 _aGispert, C. (Dir.). (2011). Nuevo Manual Merck de información médica general. T.1 (1a ed.). Barcelona : Océano.
653 _aFundamentos
653 _aFármacos
653 _aEnfermedades cardiovasculares
653 _aTrastornos del aparato respiratorio
653 _aTrastorno de los huesos, las articulaciones y los músculos
653 _aTrastornos del cerebro, la médula espinal y el sistema nervioso
653 _aTrastornos mentales
653 _aTrastornos de la boca y de los dientes
653 _aTrastornos gastrointestinales
653 _aTrastornos del higado y de la vesícula biliar
653 _aTrastornos del riñon y de las vías urinarias
653 _aTrastornos nutricionales y del metabolismo
930 _a975
930 _a976
930 _a977
942 _2ddc
_cBK
999 _c3103
_d3103